Population Aging and Health Care Spending in Japan: Public and Private- Sector responses / (Record no. 36780)

MARC details
000 -LEADER
fixed length control field 00454nam a2200121Ia 4500
008 - FIXED-LENGTH DATA ELEMENTS--GENERAL INFORMATION
fixed length control field 220512s9999 xx 000 0 eng d
100 ## - MAIN ENTRY--PERSONAL NAME
Personal name Ogawa, Naohiro
245 #0 - TITLE STATEMENT
Title Population Aging and Health Care Spending in Japan: Public and Private- Sector responses /
Statement of responsibility, etc. Ogawa, Naohiro and others
260 ## - PUBLICATION, DISTRIBUTION, ETC.
Place of publication, distribution, etc. Japan :
Name of publisher, distributor, etc. NIHON University Population Research Institute,
Date of publication, distribution, etc. Jan-08
500 ## - GENERAL NOTE
General note Japan NUPRI Reprint Series No 93
546 ## - LANGUAGE NOTE
Language note English
942 ## - ADDED ENTRY ELEMENTS (KOHA)
Koha item type Research Papers
Holdings
Withdrawn status Lost status Damaged status Not for loan Collection code Home library Current library Date acquired Total Checkouts Barcode Date last seen Price effective from Koha item type
        Working Papers NASSDOC Library NASSDOC Library 12/05/2022   P1035 12/05/2022 12/05/2022 Research Papers